000 00996nam a2200325 a 4500
001 000012126
003 DO-SdBPM
005 20251027132902.0
007 ta
008 091105s2009 dr 000 f spa d
020 _a9789945002416
040 _aDO-SdBPM
_bspa
_cBPMSU
_erda
082 4 _a111.85
_bD249f 2009
_222
100 1 _aLeón David
_d1945-
_eautor
245 1 0 _aFiloxeno :
_bo, del sentimiento que la contemplación de la belleza suscita /
_cLeón David.
246 1 3 _aDel sentimiento que la contemplación de la belleza suscita
260 _c
264 _aSanto Domingo :
_bEditora Búho,
_c2009
300 _a116 páginas ;
_c21 cm.
336 _atexto
_btxt
_2rdacontent
337 _asin mediación
_bn
_2rdamedia
338 _avolumen
_bnc
_2rdacarrier
590 _a
590 _aInventariado, 2025/VM
650 7 _aEstética
650 7 _aDiálogo
650 7 _aFilosofía de la estética
910 _aVMateo V. Control de calidad BPMSU
942 _2ddc
_cBK
999 _c13705
_d13705